[Event "Barakaldo 09"]
[Site "?"]
[Date "2009.09.21"]
[Round "4.8"]
[White "Diez Fraile, David"]
[Black "Alonso Alonso, Ivan"]
[Result "0-1"]
[WhiteElo "2203"]
[BlackElo "2113"]
[PlyCount "86"]
[SourceDate "2009.09.25"]

1. e4 c5 2. Nf3 Nc6 3. d4 cxd4 4. Nxd4 Nf6 5. Nc3 e6 6. Ndb5 Bb4 7. Bf4 Nxe4 8.
Qf3 Nxc3 9. bxc3 Qf6 10. O-O-O Ba5 11. Nd6+ Kf8 12. Ne4 Qf5 13. Nd6 Qf6 14. Ne4
Qf5 15. Bd6+ Kg8 16. Qxf5 exf5 17. Ng3 g6 18. Kb2 Bd8 19. Re1 Kg7 20. Bc4 b6
21. Re3 Bb7 22. Rd1 Rc8 23. Bd5 Bc7 24. Bxc6 Bxc6 25. Bxc7 Rxc7 26. f4 Rcc8 27.
Rde1 Bd5 28. Rd1 Be6 29. Ne2 Rhe8 30. Nd4 Bc4 31. Rde1 Rxe3 32. Rxe3 Kf6 33. a3
a6 34. Kc1 Bd5 35. g3 Be4 36. Kb2 d5 37. Kc1 h6 38. Kd2 g5 39. Re1 gxf4 40.
gxf4 Rg8 41. Re2 Rg4 42. Rf2 Rg1 43. Nb3 h5 0-1

[Event "Barakaldo 09"]
[Site "?"]
[Date "2009.09.21"]
[Round "4.9"]
[White "Fernandez Hernandez, Gerardo"]
[Black "Sanz Rodero, Mikel"]
[Result "1/2-1/2"]
[WhiteElo "2184"]
[BlackElo "2035"]
[PlyCount "26"]
[SourceDate "2009.09.25"]

1. e4 c5 2. d3 Nc6 3. g3 g6 4. Bg2 Bg7 5. c4 d6 6. Nc3 e5 7. Nge2 Nge7 8. O-O
O-O 9. a3 a5 10. Be3 Nd4 11. Nd5 Nxd5 12. cxd5 f5 13. f3 b5 1/2-1/2

[Event "Barakaldo 09"]
[Site "?"]
[Date "2009.09.21"]
[Round "4.10"]
[White "Segura Del Frago, Imanol"]
[Black "Trigo Urquijo, Sergio"]
[Result "0-1"]
[WhiteElo "2003"]
[BlackElo "2250"]
[PlyCount "88"]
[SourceDate "2009.09.25"]

1. e4 d6 2. d4 Nf6 3. f3 c5 4. Nc3 cxd4 5. Qxd4 Nc6 6. Bb5 Bd7 7. Bxc6 Bxc6 8.
Bg5 Qa5 9. h4 Rc8 10. Nge2 h6 11. g4 h5 12. gxh5 Nxh5 13. O-O-O Qe5 14. Qb4 Qc5
15. Qb3 b5 16. Nd5 Bxd5 17. exd5 Qc4 18. Nd4 Qxb3 19. axb3 g6 20. Rhe1 Rc7 21.
Nc6 Bh6 22. Rd4 e5 23. f4 f6 24. fxe5 Bxg5+ 25. hxg5 fxe5 26. Nb4 O-O 27. Rg4
Rf2 28. c3 Nf4 29. Rh1 a5 30. Rgh4 Nh5 31. Nc6 Rcf7 32. Nxa5 Rg2 33. Rb4 Ng3
34. Re1 Rff2 35. Rxb5 Rc2+ 36. Kb1 Rxb2+ 37. Ka1 Ra2+ 38. Kb1 Rgb2+ 39. Kc1
Ne2+ 40. Rxe2 Rxe2 41. Kb1 Reb2+ 42. Kc1 Rf2 43. Rb8+ Kf7 44. Rb7+ Ke8 0-1

[Event "Barakaldo 09"]
[Site "?"]
[Date "2009.09.22"]
[Round "5.1"]
[White "Gomez Esteban, Mario"]
[Black "Basto Auzmendi, Mario"]
[Result "1-0"]
[WhiteElo "2489"]
[BlackElo "2068"]
[PlyCount "99"]
[SourceDate "2009.09.25"]

1. d4 f5 2. Nf3 Nf6 3. c4 g6 4. Nc3 Bg7 5. g3 O-O 6. Bg2 d6 7. O-O Nc6 8. d5
Na5 9. Qd3 c5 10. Re1 a6 11. Rb1 Rb8 12. Ng5 Ng4 13. f4 b5 14. h3 bxc4 15. Qc2
Nf6 16. e4 Nh5 17. Kh2 e5 18. dxe6 Nc6 19. exf5 Nd4 20. Qa4 Nxf5 21. Qxc4 Ne7
22. Nd5 Bb7 23. Nf7 Bxd5 24. Bxd5 Qa5 25. Be3 Rb4 26. Qd3 Rxb2+ 27. Bg2 d5 28.
Rxb2 Qxe1 29. Bf2 Qxe6 30. Ng5 c4 31. Nxe6 cxd3 32. Rd2 Rc8 33. Nxg7 Rc2 34.
Rxd3 Nxg7 35. Kg1 Rxa2 36. Bc5 Ra1+ 37. Kh2 Kf7 38. g4 Ne6 39. Bd6 a5 40. Rb3
Nc8 41. Rb7+ Ke8 42. Be5 Ra2 43. Kg3 Ra3+ 44. Kh4 Ne7 45. Bd6 g5+ 46. Kh5 Nxf4+
47. Kxg5 Nxh3+ 48. Bxh3 h6+ 49. Kf6 Rf3+ 50. Ke6 1-0

[Event "Barakaldo 09"]
[Site "?"]
[Date "2009.09.22"]
[Round "5.2"]
[White "Limeres Guiance, Cristobal"]
[Black "Franco Alonso, Alejandro"]
[Result "0-1"]
[WhiteElo "2258"]
[BlackElo "2465"]
[PlyCount "27"]
[SourceDate "2009.09.25"]

1. d4 Nf6 2. c4 e6 3. Nc3 Bb4 4. e3 b6 5. Bd3 Bb7 6. Nge2 Bxg2 7. Rg1 Bf3 8.
Bd2 Nh5 9. Qc2 Nc6 10. Be4 Bxe4 11. Qxe4 g6 12. O-O-O O-O 13. d5 Nf6 14. Qc2
0-1

[Event "Barakaldo 09"]
[Site "?"]
[Date "2009.09.22"]
[Round "5.3"]
[White "Alvarez Ibarra, Rafael"]
[Black "Martinez Pelaez, David"]
[Result "1-0"]
[WhiteElo "2385"]
[BlackElo "1968"]
[PlyCount "29"]
[SourceDate "2009.09.25"]

1. d4 Nf6 2. Nf3 d5 3. c4 e6 4. Nc3 Nbd7 5. cxd5 exd5 6. Bg5 Be7 7. e3 c6 8.
Qc2 O-O 9. Bd3 Re8 10. O-O Nf8 11. h3 g6 12. Bxf6 Bxf6 13. b4 Ne6 14. Rab1 Ng7
15. b5 1-0

[Event "Barakaldo 09"]
[Site "?"]
[Date "2009.09.22"]
[Round "5.4"]
[White "Alonso Alonso, Ivan"]
[Black "Alvarez Fernandez, Enrique"]
[Result "1/2-1/2"]
[WhiteElo "2113"]
[BlackElo "2340"]
[PlyCount "58"]
[SourceDate "2009.09.25"]

1. e4 c5 2. Nf3 a6 3. c4 e6 4. Nc3 Qc7 5. d4 cxd4 6. Nxd4 b6 7. Be2 Bb7 8. a3
Nf6 9. Qd3 d6 10. b4 Nbd7 11. f4 Rc8 12. Bb2 e5 13. Nf3 exf4 14. Nd5 Nxd5 15.
exd5 Ne5 16. Qd2 f6 17. O-O Be7 18. Nd4 Qd7 19. Rac1 O-O 20. Qxf4 g6 21. Ne6
Rf7 22. Nd4 Re8 23. Rc3 Bf8 24. Rg3 Bg7 25. h4 Bc8 26. h5 Qe7 27. hxg6 Nxg6 28.
Qd2 f5 29. Bh5 Qe5 1/2-1/2

[Event "Barakaldo 09"]
[Site "?"]
[Date "2009.09.22"]
[Round "5.5"]
[White "Varas Gonzalez, Carlos"]
[Black "Peralta Conde, Alvaro"]
[Result "1-0"]
[WhiteElo "2253"]
[BlackElo "2075"]
[PlyCount "109"]
[SourceDate "2009.09.25"]

1. e4 c5 2. Nf3 d6 3. d4 cxd4 4. Nxd4 Nf6 5. Nc3 g6 6. Be2 Bg7 7. O-O O-O 8.
Nb3 Nc6 9. Be3 Be6 10. f4 Qc8 11. Kh1 Rd8 12. Bg1 d5 13. e5 Ne4 14. Bd3 Nxc3
15. bxc3 f6 16. exf6 Bxf6 17. Nd4 Nxd4 18. Bxd4 Bf5 19. Re1 Kf7 20. a4 Bxd3 21.
Qxd3 Qf5 22. Qe3 Rac8 23. Rab1 b6 24. h3 h5 25. Re2 Rd7 26. Be5 Rc4 27. Rb4 d4
28. Qf2 Rxc3 29. Rxd4 Rxd4 30. Qxd4 Rc5 31. Kh2 Bxe5 32. fxe5 Rxc2 33. e6+ Kg8
34. Qd8+ Kh7 35. Qxe7+ Kh6 36. Rxc2 Qxc2 37. Qd6 Qe4 38. Qf8+ Kg5 39. Qe7+ Kh6
40. Qf6 Qc6 41. Qf4+ Kg7 42. Qe5+ Kg8 43. h4 Qxa4 44. Qb8+ Kg7 45. Qe5+ Kg8 46.
Qb8+ Kg7 47. Qc7+ Kh6 48. Qg3 Qe8 49. Qd6 Kg7 50. Qe5+ Kf8 51. Qf6+ Kg8 52. e7
b5 53. Kg3 b4 54. Kf4 Kh7 55. Qf8 1-0

[Event "Barakaldo 09"]
[Site "?"]
[Date "2009.09.23"]
[Round "6.1"]
[White "Franco Alonso, Alejandro"]
[Black "Gomez Esteban, Mario"]
[Result "1/2-1/2"]
[WhiteElo "2465"]
[BlackElo "2489"]
[PlyCount "49"]
[EventDate "2009.??.??"]
[SourceDate "2009.09.25"]

1. d4 Nf6 2. c4 e6 3. g3 d5 4. Bg2 Be7 5. Nf3 O-O 6. O-O dxc4 7. Qc2 a6 8. Qxc4
b5 9. Qc2 Bb7 10. Bd2 Bd6 11. Bg5 Nbd7 12. Nbd2 Rc8 13. Bxf6 Nxf6 14. Nb3 Be4
15. Qc1 c5 16. dxc5 Bd5 17. Rd1 Ne4 18. Ne1 Nxc5 19. Nxc5 Rxc5 20. Qe3 Bxg2 21.
Nxg2 Qc7 22. Rac1 Rc8 23. Rxc5 Bxc5 24. Rd2 Be7 25. Ne1 1/2-1/2

[Event "Barakaldo 09"]
[Site "?"]
[Date "2009.09.23"]
[Round "6.2"]
[White "Alvarez Fernandez, Enrique"]
[Black "Alvarez Ibarra, Rafael"]
[Result "1/2-1/2"]
[WhiteElo "2340"]
[BlackElo "2385"]
[PlyCount "32"]
[SourceDate "2009.09.25"]

1. d4 Nf6 2. Bf4 g6 3. e3 Bg7 4. Nf3 O-O 5. h3 d6 6. Be2 c5 7. c3 b6 8. O-O Bb7
9. a4 a6 10. Nbd2 Nbd7 11. Bh2 cxd4 12. exd4 Nd5 13. Qb3 Bh6 14. Rfe1 Qc7 15.
Bf1 Rfe8 16. Bc4 N7f6 1/2-1/2

[Event "Barakaldo 09"]
[Site "?"]
[Date "2009.09.23"]
[Round "6.3"]
[White "Alonso Alonso, Ivan"]
[Black "Varas Gonzalez, Carlos"]
[Result "1/2-1/2"]
[WhiteElo "2113"]
[BlackElo "2253"]
[PlyCount "45"]
[SourceDate "2009.09.25"]

1. e4 c5 2. Nf3 e6 3. d4 cxd4 4. Nxd4 Nc6 5. Nc3 a6 6. Nxc6 bxc6 7. Bd3 d5 8.
O-O Qc7 9. Re1 Nf6 10. Qf3 Bb7 11. Bf4 Qd8 12. Rad1 Be7 13. e5 Nd7 14. Qg4 g6
15. Bh6 c5 16. Qf4 Qc7 17. Bf1 Qc6 18. Rd3 Bf8 19. Bxf8 Rxf8 20. Rh3 h5 21. Qg5
c4 22. Ne2 Qb6 23. b3 1/2-1/2

[Event "Barakaldo 09"]
[Site "?"]
[Date "2009.09.23"]
[Round "6.4"]
[White "Prieto Aranguren, Alain"]
[Black "Lozoya Rodriguez, Alberto"]
[Result "1-0"]
[WhiteElo "2109"]
[BlackElo "2219"]
[PlyCount "97"]
[SourceDate "2009.09.25"]

1. d4 c5 2. e3 g6 3. Nf3 Bg7 4. Be2 Nf6 5. O-O b6 6. c4 O-O 7. Nc3 d6 8. d5 Na6
9. e4 Nc7 10. a4 a6 11. h3 Rb8 12. Bf4 Nh5 13. Bh2 Bxc3 14. bxc3 b5 15. axb5
axb5 16. Nd2 Ng7 17. cxb5 Nxb5 18. Qc2 Nc7 19. Nc4 Bb7 20. Rfd1 Nge8 21. Ne3
Ra8 22. Rab1 Ba6 23. Bxa6 Rxa6 24. e5 Qd7 25. Nc4 Ng7 26. Rb7 f6 27. exd6 exd6
28. Qd3 Nge8 29. Nd2 Ra4 30. Ne4 Qf5 31. f3 Qc8 32. Rb6 c4 33. Qd4 Ra6 34. Nxd6
Nxd6 35. Bxd6 Nb5 36. Rxb5 Rxd6 37. Rc5 Qf5 38. Qxc4 Re8 39. Qd3 Qf4 40. Rc4
Qg5 41. Re4 Rb8 42. Qe3 Rxd5 43. Re8+ Rxe8 44. Qxe8+ Kg7 45. Qe7+ Kh6 46. Qf8+
Kh5 47. Rxd5 Qxd5 48. Qxf6 g5 49. Kh2 1-0

[Event "Barakaldo 09"]
[Site "?"]
[Date "2009.09.24"]
[Round "7.1"]
[White "Gomez Esteban, Mario"]
[Black "Prieto Aranguren, Alain"]
[Result "1-0"]
[WhiteElo "2489"]
[BlackElo "2109"]
[PlyCount "77"]
[SourceDate "2009.09.25"]

1. d4 Nf6 2. c4 g6 3. g3 Bg7 4. Bg2 O-O 5. Nc3 d6 6. Nf3 c6 7. O-O Nbd7 8. Qc2
e5 9. Rd1 Re8 10. e4 Qb6 11. h3 Qc7 12. Be3 b6 13. Rac1 Bb7 14. d5 c5 15. Nb5
Qb8 16. Ne1 a6 17. Nc3 Bc8 18. Rb1 Nh5 19. Qe2 Rf8 20. b4 Qc7 21. Na4 Rb8 22.
Nd3 b5 23. cxb5 axb5 24. Naxc5 dxc5 25. bxc5 Ndf6 26. d6 Qb7 27. Nxe5 Nxe4 28.
Bd4 Bxe5 29. Bxe5 f5 30. a4 Bd7 31. Qa2+ Rf7 32. axb5 Bxb5 33. d7 Rd8 34. Qa5
Rdxd7 35. Rxd7 Qxd7 36. Qxb5 Qe6 37. c6 Rf8 38. c7 Nd6 39. Bd5 1-0

[Event "Barakaldo 09"]
[Site "?"]
[Date "2009.09.24"]
[Round "7.3"]
[White "Alvarez Fernandez, Enrique"]
[Black "Sanz Rodero, Mikel"]
[Result "1/2-1/2"]
[WhiteElo "2340"]
[BlackElo "2035"]
[PlyCount "41"]
[SourceDate "2009.09.25"]

1. d4 d5 2. c4 c6 3. Nc3 Nf6 4. Nf3 a6 5. c5 g6 6. h3 Bg7 7. Bf4 O-O 8. e3 Nbd7
9. Be2 Ne4 10. O-O e5 11. Nxe5 Nxc3 12. bxc3 Nxe5 13. Bxe5 Bxe5 14. dxe5 Qe7
15. Qd4 Re8 16. Bf3 Qxe5 17. Rab1 Qc7 18. Rb6 Qe7 19. Rfb1 Rb8 20. Be2 h5 21.
a4 {....} 1/2-1/2

[Event "Barakaldo 09"]
[Site "?"]
[Date "2009.09.24"]
[Round "7.5"]
[White "Trigo Urquijo, Sergio"]
[Black "Fernandez Ferrero, Alejandro"]
[Result "1-0"]
[WhiteElo "2250"]
[BlackElo "2001"]
[PlyCount "62"]
[SourceDate "2009.09.25"]

1. Nf3 d6 2. d4 Nf6 3. c4 Nbd7 4. Nc3 e5 5. e4 g6 6. Bg5 Bg7 7. dxe5 dxe5 8. h3
h6 9. Be3 O-O 10. Qd2 Kh7 11. g4 Nb6 12. Qxd8 Rxd8 13. c5 Nbd7 14. O-O-O Re8
15. Nb5 Re7 16. Nxc7 Rb8 17. Nd5 Re8 18. Nc3 Bf8 19. Bb5 a6 20. Ba4 Re7 21. b4
Bg7 22. g5 Nh5 23. Nd5 Re6 24. Bb3 Re8 25. Nc3 f5 26. exf5 e4 27. fxg6+ Kxg6
28. Nh4+ Kh7 29. Bf7 Rf8 30. Bg6+ Kg8 31. Nd5 Be5 1-0